Garbhapathrathilirunnu samsarikkunnu/ (Record no. 15552)

000 -LEADER
fixed length control field 00389nam a22001451a 4500
082 ## - DEWEY DECIMAL CLASSIFICATION NUMBER
Classification number M301
Item number DIL/G
100 ## - MAIN ENTRY--PERSONAL NAME
Personal name Dileep V
9 (RLIN) 135686
245 ## - TITLE STATEMENT
Title Garbhapathrathilirunnu samsarikkunnu/
Statement of responsibility, etc. by Dileep V
260 ## - PUBLICATION, DISTRIBUTION, ETC.
Place of publication, distribution, etc. Calicut:
Name of publisher, distributor, etc. Pappiyon,
Date of publication, distribution, etc. 2002.
300 ## - PHYSICAL DESCRIPTION
Extent 88p.
650 ## - SUBJECT ADDED ENTRY--TOPICAL TERM
Topical term or geographic name entry element Stories Malayalam
9 (RLIN) 135687
650 ## - SUBJECT ADDED ENTRY--TOPICAL TERM
Topical term or geographic name entry element Literature Malayalam
9 (RLIN) 135688
650 ## - SUBJECT ADDED ENTRY--TOPICAL TERM
Topical term or geographic name entry element Literature
9 (RLIN) 135689
942 ## - ADDED ENTRY ELEMENTS (KOHA)
Koha item type Book
Holdings
Withdrawn status Lost status Damaged status Not for loan Permanent Location Current Location Date acquired Cost, normal purchase price Total Checkouts Full call number Barcode Date last seen Cost, replacement price Price effective from Koha item type
        Sree Sankaracharya University of Sanskrit Sree Sankaracharya University of Sanskrit 08.01.2015 45.00   M301 DIL/G 031340 08.01.2015 0.00 08.01.2015 Book